| 000 | 00698cam a2200157 i 4500 | ||
|---|---|---|---|
| 082 | 0 | 0 |
_a621.8672 _bPIP |
| 110 | 2 |
_aAmerican Society of Civil Engineers. _9702 |
|
| 245 | 1 | 0 |
_aPipeline design for hydrocarbon gases and liquids : _breport of the Task Committee on Engineering Practice in the Design of Pipelines / _cCommittee on Pipeline Planning, Pipeline Division. |
| 260 |
_aNew York : _bAmerican Society of Civil Engineers, _c1975. |
||
| 300 |
_a81 p. : _bill. ; _c22 cm. |
||
| 526 |
_a0 _b0 _c0 _d621_867200000000000_PIP |
||
| 650 | 0 |
_aMCE _9379 |
|
| 650 | 0 |
_aNatural gas pipelines _xDesign and construction. _946715 |
|
| 650 | 0 |
_aPetroleum pipelines _xDesign and construction. _946716 |
|
| 942 |
_2ddc _cBK |
||
| 999 |
_c549979 _d549979 |
||